Budovanie agilnej organizácie diplomová práca

Enregistré dans:
Détails bibliographiques
Auteur principal: Repková, Zuzana
Collectivité auteur: Fakulta podnikového manažmentu EU. Katedra manažmentu
Autres auteurs: Joniaková, Zuzana, 1970-
Format: Livre
Langue:slovaque
Publié: Bratislava 2023
Tags: Ajouter un tag
Pas de tags, Soyez le premier à ajouter un tag!

MARC

LEADER 00000nbm a2200000 4500
001 0293608
005 20240520112626.1
041 0 |a slo 
044 |a SK 
245 1 0 |a Budovanie agilnej organizácie  |b diplomová práca  |c Zuzana Repková ; školiteľ: Zuzana Joniaková 
264 1 |a Bratislava  |c 2023 
300 |a 66 s. 
100 1 |a Repková, Zuzana 
700 1 |a Joniaková, Zuzana, 1970- 
710 2 |a Fakulta podnikového manažmentu EU. Katedra manažmentu